000 00470nam a2200181Ia 4500
003 GCL
008 140319s9999 xx 000 0 eng d
040 _aGCL /
_cGCL
082 0 4 _a843
_bL P
100 1 _aLOUIS, CHARLES
245 1 0 _aPHILIPPE BUBU DE MONTPARNASSE /
_cLOUIS, CHARLES
260 _a[S.N] :
_bBERNARD GRASSET ،
_c1986
300 _a188 P
490 _aLES CAHIERS ROUGES
_v0
650 0 4 _aLITERATURE
650 0 4 _aFRENCH LITERATURE
942 _2ddc
_cBK
999 _c21489
_d21489